<?xml version="1.0" encoding="UTF-8"?><record xmlns="http://www.loc.gov/MARC21/slim" xmlns:zs="http://docs.oasis-open.org/ns/search-ws/sruResponse">
  <leader>02577cim a2200409 a 4500</leader>
  <controlfield tag="001">5628778</controlfield>
  <controlfield tag="005">20250607223203.1</controlfield>
  <controlfield tag="007">st omndmaipnue</controlfield>
  <controlfield tag="008">911119s1979    dcunnn   z     pf   eng  </controlfield>
  <datafield ind1=" " ind2=" " tag="035">
    <subfield code="a">5628778</subfield>
  </datafield>
  <datafield ind1=" " ind2=" " tag="906">
    <subfield code="a">7</subfield>
    <subfield code="b">cbc</subfield>
    <subfield code="c">orignew</subfield>
    <subfield code="d">2</subfield>
    <subfield code="e">ncip</subfield>
    <subfield code="f">19</subfield>
    <subfield code="g">y-genmusic</subfield>
  </datafield>
  <datafield ind1=" " ind2=" " tag="955">
    <subfield code="a">qu45 2004-08-26 (rev.)</subfield>
    <subfield code="e">qr27 2010-05-12</subfield>
  </datafield>
  <datafield ind1=" " ind2=" " tag="955">
    <subfield code="a">LCAP batch update 2025-06-02-04:00: LCAPM-1022</subfield>
  </datafield>
  <datafield ind1=" " ind2=" " tag="010">
    <subfield code="a">   91741467 </subfield>
  </datafield>
  <datafield ind1="0" ind2=" " tag="033">
    <subfield code="a">19791120</subfield>
    <subfield code="b">3850</subfield>
  </datafield>
  <datafield ind1=" " ind2=" " tag="035">
    <subfield code="9">(DLC)   91741467</subfield>
  </datafield>
  <datafield ind1=" " ind2=" " tag="040">
    <subfield code="a">DLC</subfield>
    <subfield code="c">DLC</subfield>
    <subfield code="d">DLC</subfield>
  </datafield>
  <datafield ind1="0" ind2="0" tag="050">
    <subfield code="a">LWO 15652 R1--LWO 15652 R2</subfield>
  </datafield>
  <datafield ind1="1" ind2=" " tag="100">
    <subfield code="a">McPherson, Sandra.</subfield>
  </datafield>
  <datafield ind1="1" ind2="0" tag="240">
    <subfield code="a">Poems.</subfield>
    <subfield code="k">Selections</subfield>
  </datafield>
  <datafield ind1="1" ind2="0" tag="245">
    <subfield code="a">Sandra McPherson and James Welch reading from their work in the Coolidge Auditorium, Nov. 20, 1979</subfield>
    <subfield code="h">[sound recording].</subfield>
  </datafield>
  <datafield ind1=" " ind2=" " tag="260">
    <subfield code="c">1979.</subfield>
  </datafield>
  <datafield ind1=" " ind2=" " tag="300">
    <subfield code="a">2 sound tape reels :</subfield>
    <subfield code="b">analog, 7 1/2 ips, full track, mono. ;</subfield>
    <subfield code="c">10 in. +</subfield>
    <subfield code="e">program information ([5] p.)</subfield>
  </datafield>
  <datafield ind1=" " ind2=" " tag="336">
    <subfield code="a">spoken word</subfield>
    <subfield code="b">spw</subfield>
    <subfield code="2">rdacontent</subfield>
  </datafield>
  <datafield ind1=" " ind2=" " tag="337">
    <subfield code="a">audio</subfield>
    <subfield code="b">s</subfield>
    <subfield code="2">rdamedia</subfield>
  </datafield>
  <datafield ind1=" " ind2=" " tag="338">
    <subfield code="a">audiotape reel</subfield>
    <subfield code="b">st</subfield>
    <subfield code="2">rdacarrier</subfield>
  </datafield>
  <datafield ind1=" " ind2=" " tag="500">
    <subfield code="a">Sponsored by the Gertrude Clarke Whittall Poetry and Literature Fund, Library of Congress, Washington, D.C.</subfield>
  </datafield>
  <datafield ind1=" " ind2=" " tag="500">
    <subfield code="a">Recorded for the Archive of Recorded Poetry and Literature.</subfield>
  </datafield>
  <datafield ind1="0" ind2=" " tag="505">
    <subfield code="a">Mr. Meredith reads in the course of introducing Mr. Welch: From Riding the Earthboy: Grandma's man ; The man from Washington ; From Winter in the blood [excerpts from the novel] -- Mr. Welch reads: The death of Jim Loney [two excerpts from his novel] --</subfield>
  </datafield>
  <datafield ind1="0" ind2=" " tag="505">
    <subfield code="a">Mr. Meredith reads in the course of introducing Ms. McPherson: From Elegies for the hot season: Land and moon--two version of death [first line only] ; From radiation: Holding pattern (In whatever space we fly to it all ends) ; From The year of our birth: 1943 (I was born to I've depreciated) ; The Bittern (It is giving to something is missing -- Ms. McPherson reads: For Elizabeth Bishop -- From Elegies for the hot season: His body -- The jet engine -- Black soap -- Athletic heart syndrome -- Alleys -- From The year of our birth: An anonymous pornographic valentine ; Children -- From radiation: collapsars -- From The year of our birth: Centerfold reflected in a jet window ; The bittern.</subfield>
  </datafield>
  <datafield ind1="0" ind2=" " tag="511">
    <subfield code="a">Introduced by William Meredith.</subfield>
  </datafield>
  <datafield ind1="1" ind2=" " tag="700">
    <subfield code="a">Meredith, William,</subfield>
    <subfield code="d">1919-2007.</subfield>
  </datafield>
  <datafield ind1="1" ind2="2" tag="700">
    <subfield code="a">Welch, James,</subfield>
    <subfield code="d">1940-2003.</subfield>
    <subfield code="t">Death of Jim Loney.</subfield>
    <subfield code="k">Selections.</subfield>
  </datafield>
  <datafield ind1="2" ind2=" " tag="710">
    <subfield code="a">Gertrude Clarke Whittall Poetry and Literature Fund.</subfield>
  </datafield>
  <datafield ind1="2" ind2=" " tag="710">
    <subfield code="a">Archive of Recorded Poetry and Literature (Library of Congress)</subfield>
  </datafield>
  <datafield ind1=" " ind2=" " tag="953">
    <subfield code="a">TA28</subfield>
  </datafield>
  <datafield ind1=" " ind2=" " tag="991">
    <subfield code="b">c-RecSound</subfield>
    <subfield code="h">LWO 15652 R1--LWO 15652 R2</subfield>
    <subfield code="w">MUSIC</subfield>
  </datafield>
</record>
